Dimensión religiosa de la educación en la escuela católica: orientaciones para la reflexión revisión

Sábháilte in:
Sonraí bibleagrafaíochta
Údar corparáideach: Congregación para la Educación Católica (Údar)
Formáid: LEABHAR
Teanga:Spáinnis
Foilsithe / Cruthaithe: Roma La Congregación 1988
Ábhair:
Clibeanna: Cuir clib leis
Níl clibeanna ann, Bí ar an gcéad duine le clib a chur leis an taifead seo!

MARC

LEADER 00000nam a2200000 a 4500
001 UCW3869
003 CL-VaPUC
008 890503e19880000IT |||||||||||||||||spa|d
082 0 4 |a 377.82  |b CON  |2 21 
110 2 |a Congregación para la Educación Católica  |e author  |9 308271 
245 1 0 |a Dimensión religiosa de la educación en la escuela católica: orientaciones para la reflexión revisión 
300 |a 62 p 
942 |c BK 
945 |d 19890503 00:00:00 
260 |a Roma  |b La Congregación  |c 1988 
650 0 |a Educación Católica   |9 308272 
583 |a last modification  |c 19890503 00:00:00  |k Rodrigo Vera 
999 |c 217738  |d 217736 
952 |0 0  |1 0  |4 0  |6 377_820000000000000_CON_1988  |7 0  |8 P  |9 205889  |a BIBEDU  |b BIBEDU  |c BIBEDU_PB  |d 2019-11-15  |i 2738538  |o 377.82 CON 1988  |p 2738538  |r 2024-01-25  |w 2019-11-15  |y BK  |k EDU 
952 |0 0  |1 0  |4 0  |6 377_820000000000000_CON_1988  |7 0  |8 P  |9 205890  |a BIBEDU  |b BIBEDU  |c BIBEDU_PB  |d 2019-11-15  |i 2738546  |o 377.82 CON 1988  |p 2738546  |r 2024-01-25  |w 2019-11-15  |y BK  |k EDU 
952 |0 0  |1 0  |4 0  |6 377_820000000000000_CON_1988  |7 0  |8 P  |9 205891  |a BIBEDU  |b BIBEDU  |c BIBEDU_PB  |d 2019-11-15  |i 4031601  |o 377.82 CON 1988  |p 4031601  |r 2024-01-25  |w 2019-11-15  |y BK  |k BME